000 00986nam a22001937a 4500
999 _c61464
_d61464
005 20240315165306.0
008 240315s2010 ru ||||| |||| 00| 0 rus d
020 _a3785808008168
041 _arus
080 _a902/904 Д-30
100 _aДемирханян, Ара
_921443
245 _aСеверо-восток Еревана в эпоху Арташесидов:
_b фрагменты материальной и духовной культуры по данным античного поселения в Аван-ариндже, ИИв. до н.э - Ив. н.э
_cАра Демирханян.
264 _aЕреван :
_bИзд-во. "Гитутюн" НАН РА,
_c2010.
300 _a140 с.:
_bил.;
_c29 см.
653 _aერევნის ჩრდილო-აღმოსავლეთით არტაშესიდების ეპოქაში
653 _aისტორია
653 _aარქეოლოგია
942 _2udc
_cBK